000 00589cam a22002292a 4500
001 010320
003 AR-FADEU
008 311216n1992####xxu####################dd
020 _a84-7100-512-3
092 _aD340.098
_bS211
100 _aSánchez Bella, Ismael
245 _aHistoria del derecho indiano
260 _aMadrid
260 _bMAPFRE
260 _c1992
300 _a407 p
440 _aRelaciones entre España y América
_n11
500 _aIncluye bibliografía
700 _aAlberto de la, Hera
650 _aDERECHO INDIANO; DERECHO-AMERICA
942 _cBDGR
999 _c16112
_d16112